| 000 | 00732nam a2200217 i 4500 | ||
|---|---|---|---|
| 001 | 188569 | ||
| 003 | ES-MaACL | ||
| 005 | 20250916201039.0 | ||
| 007 | t| | ||
| 008 | 181220s1970 sp ||||1| spa d | ||
| 100 | 0 |
_aCrespy, Georges. _941560 |
|
| 245 | 1 | 3 |
_aEl pensamiento teológico de Teilhard de Chardin / _cGeorges Crespy ; [traducción por José Fillol]. |
| 260 |
_aBarcelona : _bEstela, _c1970. |
||
| 300 |
_a258 p. ; _c21 cm. |
||
| 490 | 1 |
_aColección "Theologia" ; _v19 |
|
| 600 | 1 | 4 |
_aTeilhard de Chardin, Pierre, _d1881-1955- _xCrítica e interpretación _9109522 |
| 700 | 1 |
_aFillol, José. _9165826 |
|
| 830 | 0 |
_aColección "Theologia" ; _v19 _9193093 |
|
| 852 |
_aES-MaACL _jP-160-18 |
||
| 999 |
_c188569 _d188569 |
||